00923cam a22002654i 4500003000900000005001700009008004100026035001900067040003300086082001800119110001400137245002300151264000500174300002700179336002100206337002500227338002300252505033200275526000900607526000900616526000800625526000800633526000800641526000800649PE-LiUPU20250731175631.0150625s r 000 0 d a(Sirsi) a30492 aPE-LiUPUbspacPE-LiUPUerda04a480bV77 2212 aEdelvives10aLengua Griega.n2. 1a a76 páginas ;c23 cm. atext2rdacontent aunmediated2rdamedia avolume2rdacarrier0 aSintaxis. -Estructura de la oración simple. -El valor de los casos griegos. - Estudio general del verbo. - Modos y tiempos del verbo en la oración simple independiente. - Las formas nominales del verbo. - Ejercicios de traducción. - San Juan Crisontómo. - Jefonte. -Platón. - Demóstenes. - anacreonte. - Homero. aP145 aP127 aP97 aP35 aP14 aP07